00420nam a2200145Ia 4500008004100000041000900041082001700050100002200067245002200089260003600111300000800147650000800155999001700163952009400180230718s9999 xx 000 0 und d aEng. a34302bGHU-S aGhuman, M. Anwar  0aSpecific Act 1827 aPakistanbKausal brothersc2002 a182 aLaw c28037d28037 00104070aSIRC-LbSIRC-Ld2023-07-18l0o34302 GHU-Sp22989r2023-07-18w2023-07-18yBK